000 00987nam a22002655i 4500
001 177349
003 ES-MaACL
005 20250827233032.0
008 110316s1967 sp ab |||| | spa d
080 _a930.85"04/06"
080 _a008"04/06"
245 0 3 _aLa barbarie, madre de civilizaciones
_b: 400/700, la época de las invasiones.
250 _a1ª ed.
260 _aBarcelona :
_bBruguera,
_c1967.
300 _a253 p. :
_bil. col. y n. ;
_c26 cm.
490 1 _aLas metamorfosis de la humanidad: una historia del arte y el mundo / bajo la dirección de Robert Philippe ;
_v400/700
500 _aÍndices.
504 _aBibliografía: p. 239-241.
650 0 4 _aCivilización medieval.
_9146249
650 7 _aArte medieval
_2embne
_9135618
700 1 _aRobert, Philippe.
_997813
830 1 4 _aLas metamorfosis de la humanidad: una historia del arte y el mundo
_v400/700
_9242127
852 _aES-MaACL
_jE-14701
_xOlim P-1370
999 _c177349
_d177349